000
00243nam a22000857a 4500
008
160706b xxu||||| |||| 00| 0 eng d
100
_9
2376
_a
Gujjarappa, B.G
245
_a
Mitha and her Magic Shoes
260
_a
New Delhi
_b
National Book Trust
_c
1990
999
_c
2052
_d
2052